Statistics for Weird Al Parodies Quiz

Click here to take the quiz!

General Stats

  • This quiz has been taken 27,793 times
    (22,617 since last reset)
  • The average score is 13 of 25

Answer Stats

ParodyYearSong% Correct
Eat It1984Beat It
94%
Another One Rides
the Bus
1984Another One Bites
the Dust
93%
Like a Surgeon1985Like a Virgin
86%
Smells Like Nirvana1992Smells Like Teen Spirit
85%
I Love Rocky Road1983I Love Rock 'n' Roll
84%
Canadian Idiot2006American Idiot
77%
Amish Paradise1996Gangsta's Paradise
73%
Achy Breaky Song1993Achy Breaky Heart
72%
Pretty Fly for a
Rabbi
1999Pretty Fly
(For a White Guy)
68%
My Bologna1983My Sharona
62%
I Can't Watch This1992U Can't Touch This
59%
Fat1988Bad
58%
Perform this Way2011Born this Way
53%
Addicted to Spuds1986Addicted to Love
49%
I Think I'm a Clone Now1988I Think We're Alone Now
45%
Ricky1983Mickey
45%
White & Nerdy2006Ridin'
45%
The White Stuff1992You Got It
(The Right Stuff)
42%
Livin' in the Fridge1993Livin' on the Edge
30%
It's All About the
Pentiums
1999It's All About the
Benjamins
28%
Yoda1985Lola
24%
eBay2003I Want It That Way
21%
Living with a Hernia1986Living in America
21%
King of Suede1984King of Pain
15%
Lasagna1988La Bamba
13%

Score Distribution

Percentile by Number Answered

Percent of People with Each Score

Your Score History

You have not taken this quiz since the last reset